Eastern Utah Libraries Catalog: Duchesne, Heber, Roosevelt, & Vernal

Ultraviolet / (Record no. 404644)

MARC details
000 -LEADER
fixed length control field 02052cam a2200493 i 4500
001 - CONTROL NUMBER
control field 23017911
005 - DATE AND TIME OF LATEST TRANSACTION
control field 20250220141847.0
008 - FIXED-LENGTH DATA ELEMENTS--GENERAL INFORMATION
fixed length control field 230314s2024 nyu d 000 1 eng
010 ## - LIBRARY OF CONGRESS CONTROL NUMBER
LC control number 2023003274
020 ## - INTERNATIONAL STANDARD BOOK NUMBER
International Standard Book Number 9781338775655
Qualifying information (hardcover)
020 ## - INTERNATIONAL STANDARD BOOK NUMBER
Cancelled/invalid ISBN 9781339027432
Qualifying information (ebook)
040 ## - CATALOGING SOURCE
Original cataloging agency NJQ/DLC
Language of cataloging eng
Description conventions rda
Transcribing agency DLC
Modifying agency DLC
042 ## - AUTHENTICATION CODE
Authentication code pcc
-- cyac
050 00 - LIBRARY OF CONGRESS CALL NUMBER
Classification number PZ7.5.S23
Item number Ul 2024
082 04 - DEWEY DECIMAL CLASSIFICATION NUMBER
Classification number 813.6
-- Fic
Edition number 23/eng/20230314
092 ## - LOCALLY ASSIGNED DEWEY CALL NUMBER (OCLC)
Classification number junior fiction
Item number Salazar
100 1# - MAIN ENTRY--PERSONAL NAME
Personal name Salazar, Aida,
Relator term author.
9 (RLIN) 6413967
245 10 - TITLE STATEMENT
Title Ultraviolet /
Statement of responsibility, etc Aida Salazar.
250 ## - EDITION STATEMENT
Edition statement First edition.
264 #1 - Production, Publication, Distribution, Manufacture, and Copyright Notice.
Place of production, publication, distribution, manufacture New York :
Name of producer, publisher, distributor, manufacturer Scholastic Press,
Date of production, publication, distribution, manufacture, or copyr 2024.
300 ## - PHYSICAL DESCRIPTION
Extent 294 pages ;
Dimensions 20 cm
336 ## - Content Type
Content type term text
337 ## - Media type
Media type term unmediated
338 ## - Carrier type
Carrier type term volume
520 ## - SUMMARY, ETC.
Summary, etc Thirteen-year-old Elio is struggling with "coming of age"--first love, first heartbreak, first real fight (which lands him in the hospital), and what it means to be a "man", a true friend, and an ally, as well as how to overcome a culture of toxic masculinity.
521 ## - TARGET AUDIENCE NOTE
Target audience note Ages 10 and up.
Source Scholastic.
521 ## - TARGET AUDIENCE NOTE
Target audience note Grades 7-9.
Source Scholastic.
586 ## - AWARDS NOTE
Awards note Pura Belpré Children's Author Honor Book Award, 2025.
650 #0 - SUBJECT ADDED ENTRY--TOPICAL TERM
Topical term or geographic name as entry element Mexican American boys
Form subdivision Juvenile fiction.
9 (RLIN) 6539156
650 #0 - SUBJECT ADDED ENTRY--TOPICAL TERM
Topical term or geographic name as entry element Pura Belpré Award
9 (RLIN) 6365023
650 #0 - SUBJECT ADDED ENTRY--TOPICAL TERM
Topical term or geographic name as entry element Machismo
Form subdivision Juvenile fiction.
9 (RLIN) 6539157
650 #0 - SUBJECT ADDED ENTRY--TOPICAL TERM
Topical term or geographic name as entry element Masculinity
Form subdivision Juvenile fiction.
9 (RLIN) 6539158
650 #0 - SUBJECT ADDED ENTRY--TOPICAL TERM
Topical term or geographic name as entry element Interpersonal relations
Form subdivision Juvenile fiction.
9 (RLIN) 5675981
650 #0 - SUBJECT ADDED ENTRY--TOPICAL TERM
Topical term or geographic name as entry element Emotions
Form subdivision Juvenile fiction.
650 #1 - SUBJECT ADDED ENTRY--TOPICAL TERM
Topical term or geographic name as entry element Novels in verse.
650 #1 - SUBJECT ADDED ENTRY--TOPICAL TERM
Topical term or geographic name as entry element Mexican Americans
Form subdivision Fiction.
9 (RLIN) 5685155
650 #1 - SUBJECT ADDED ENTRY--TOPICAL TERM
Topical term or geographic name as entry element Machismo
Form subdivision Fiction.
9 (RLIN) 6539159
650 #1 - SUBJECT ADDED ENTRY--TOPICAL TERM
Topical term or geographic name as entry element Interpersonal relations
Form subdivision Fiction.
9 (RLIN) 5673978
650 #1 - SUBJECT ADDED ENTRY--TOPICAL TERM
Topical term or geographic name as entry element Coming of age
Form subdivision Fiction.
9 (RLIN) 5678662
655 #7 - INDEX TERM--GENRE/FORM
Genre/form data or focus term Bildungsromans.
Source of term lcgft
9 (RLIN) 102642
655 #7 - INDEX TERM--GENRE/FORM
Genre/form data or focus term Novels in verse.
Source of term lcgft
776 08 - ADDITIONAL PHYSICAL FORM ENTRY
Display text Online version:
Main entry heading Salazar, Aida.
Title Ultraviolet
Edition First edition.
Place, publisher, and date of publication New York : Scholastic Press, 2024.
International Standard Book Number 9781339027432
Record control number (DLC) 2023003275
942 ## - ADDED ENTRY ELEMENTS (KOHA)
Source of classification or shelving scheme Dewey Decimal Classification
Koha item type BOOK
Holdings
Withdrawn status Lost status Source of classification or shelving scheme Damaged status Not for loan Collection code Home library Current library Shelving location Date acquired Source of acquisition Total Checkouts Full call number Barcode Date last seen Cost, replacement price Price effective from Koha item type
    Dewey Decimal Classification     Culturally Authentic Literature Wasatch County Library Wasatch County Library Main Floor Junior Area 02/20/2025 Amazon   J Salazar 34301002146597 02/20/2025 18.99 02/20/2025 BOOK
This project was made possible through a grant from the Institute of Museum and Library Service administered by the Utah State Library Division.

Wasatch County Library

  • 465 East 1200 South, Heber City, Utah 84032
  • Phone 435-654-1511 | Fax 435-654-6456

Hours

  • Monday - Friday 9:30 AM - 8:00 PM
  • Saturday 9:30 AM - 1:30 PM
  • Closed Sundays and Holidays